Postgraduate tutorials in general practice / (Record no. 8071)

MARC details
000 -LEADER
fixed length control field 00895nam a2200265 a 4500
001 - CONTROL NUMBER
control field 3991384
003 - CONTROL NUMBER IDENTIFIER
control field OSt
005 - DATE AND TIME OF LATEST TRANSACTION
control field 20230131154825.0
008 - FIXED-LENGTH DATA ELEMENTS--GENERAL INFORMATION
fixed length control field 950825s1995 enk b 001 0 eng
010 ## - LIBRARY OF CONGRESS CONTROL NUMBER
LC control number 95211370
020 ## - INTERNATIONAL STANDARD BOOK NUMBER
International Standard Book Number 0750621648 (pbk.)
040 ## - CATALOGING SOURCE
Original cataloging agency DLC
Transcribing agency DLC
Modifying agency DLC
050 00 - LIBRARY OF CONGRESS CALL NUMBER
Classification number RC59
Item number .W37 1995
082 00 - DEWEY DECIMAL CLASSIFICATION NUMBER
Classification number W89.W251p 1995
Edition number 20
100 1# - MAIN ENTRY--PERSONAL NAME
Personal name Warren, Edward
Fuller form of name (W. Edward)
9 (RLIN) 16432
245 10 - TITLE STATEMENT
Title Postgraduate tutorials in general practice /
Statement of responsibility, etc. Edward Warren.
250 ## - EDITION STATEMENT
Edition statement 1st ed.
260 ## - PUBLICATION, DISTRIBUTION, ETC. (IMPRINT)
Place of publication, distribution, etc. Oxford ;
-- Boston :
Name of publisher, distributor, etc. Butterworth-Heinemann,
Date of publication, distribution, etc. 1995.
300 ## - PHYSICAL DESCRIPTION
Extent vi, 218 p. ;
Dimensions 22 cm.
504 ## - BIBLIOGRAPHY, ETC. NOTE
Bibliography, etc Includes bibliographical references and index.
650 #0 - SUBJECT ADDED ENTRY--TOPICAL TERM
Topical term or geographic name as entry element Family medicine
General subdivision Outlines, syllabi, etc.
9 (RLIN) 16433
906 ## - LOCAL DATA ELEMENT F, LDF (RLIN)
a 7
b cbc
c orignew
d 2
e ncip
f 19
g y-gencatlg
942 ## - ADDED ENTRY ELEMENTS (KOHA)
Source of classification or shelving scheme Other/Generic Classification Scheme
Koha item type Open Shelf
Holdings
Withdrawn status Lost status Source of classification or shelving scheme Damaged status Not for loan Home library Current library Date acquired Source of acquisition Inventory number Total Checkouts Full call number Barcode Date last seen Price effective from Koha item type
    Other/Generic Classification Scheme     MUST Main Library MUST Main Library 31/01/2023 Donation 2000/13753   W89.W251p 1995 2023-0084 31/01/2023 31/01/2023 Open Shelf
    Other/Generic Classification Scheme     MUST Main Library MUST Main Library 31/01/2023 Donation 2000/13752   W89.W251p 1995 2023-0085 31/01/2023 31/01/2023 Open Shelf